Detalles MARC
| 000 -CABECERA |
| campo de control de longitud fija |
03119cam a2200325 i 4500 |
| 001 - NÚMERO DE CONTROL |
| campo de control |
16202 |
| 003 - IDENTIFICADOR DEL NÚMERO DE CONTROL |
| campo de control |
DO-SdUEMH |
| 005 - FECHA Y HORA DE LA ÚLTIMA TRANSACCIÓN |
| campo de control |
20260130160704.0 |
| 007 - CAMPO FIJO DE DESCRIPCIÓN FÍSICA--INFORMACIÓN GENERAL |
| campo de control de longitud fija |
ta |
| 008 - DATOS DE LONGITUD FIJA--INFORMACIÓN GENERAL |
| campo de control de longitud fija |
211105s2011 dr a|||gr|||| 000 0 spa|d |
| 020 ## - NÚMERO INTERNACIONAL ESTÁNDAR DEL LIBRO |
| Número Internacional Estándar del Libro |
9789945443738 |
| 040 ## - FUENTE DE LA CATALOGACIÓN |
| Centro catalogador/agencia de origen |
DO-SdUEMH |
| Lengua de catalogación |
spa |
| Normas de descripción |
rda |
| 041 ## - CÓDIGO DE LENGUA |
| Código de lengua del texto/banda sonora o título independiente |
spa |
| 082 14 - NÚMERO DE LA CLASIFICACIÓN DECIMAL DEWEY |
| Colección |
Colección Dominicana |
| Número de clasificación |
RD330.97293 |
| Número de documento/Ítem |
N964l |
| 084 ## - OTRO NÚMERO DE CLASIFICACIÓN |
| Item number |
18-00059 |
| 110 ## - ENTRADA PRINCIPAL--NOMBRE DE ENTIDAD CORPORATIVA |
| Nombre de entidad corporativa o nombre de jurisdicción como elemento de entrada |
República Dominicana : Banco Central |
| 245 10 - MENCIÓN DE TÍTULO |
| Título |
Nueva literatura económica dominicana : |
| Resto del título |
premios del Concurso de Economía Biblioteca "Juan Pablo Duarte", 2010 / |
| 264 01 - PRODUCCIÓN, PUBLICACIÓN, DISTRIBUCIÓN, FABRICACIÓN Y COPYRIGHT |
| Lugar de producción, publicación, distribución, fabricación |
Santo Domingo : |
| Nombre del de productor, editor, distribuidor, fabricante |
Publicaciones del Banco Central de la República Dominicana, |
| Fecha de producción, publicación, distribución, fabricación o copyright |
2011 |
| 264 #4 - PRODUCCIÓN, PUBLICACIÓN, DISTRIBUCIÓN, FABRICACIÓN Y COPYRIGHT |
| Fecha de producción, publicación, distribución, fabricación o copyright |
©2011 |
| 300 ## - DESCRIPCIÓN FÍSICA |
| Extensión |
274 páginas : |
| Otras características físicas |
ilustraciones ; |
| Dimensiones |
23 cm. |
| 336 ## - TIPO DE CONTENIDO |
| Fuente |
rdacontent |
| Término de tipo de contenido |
texto |
| Código de tipo de contenido |
txt |
| 337 ## - TIPO DE MEDIO |
| Fuente |
rdamedia |
| Nombre del tipo de medio |
sin mediación |
| Código del tipo de medio |
n |
| 338 ## - TIPO DE SOPORTE |
| Fuente |
rdacarrier |
| Nombre del tipo de soporte |
volumen |
| Código del tipo de soporte |
nc |
| 490 ## - MENCIÓN DE SERIE |
| Mención de serie |
Banco Central de la República Dominicana ; |
| Designación de volumen o secuencia |
166 |
| 490 ## - MENCIÓN DE SERIE |
| Mención de serie |
Nueva literatura económica ; |
| Designación de volumen o secuencia |
14 |
| 504 ## - NOTA DE BIBLIOGRAFÍA, ETC. |
| Nota de bibliografía, etc. |
Bibliografías al final de cada parte |
| 505 #1 - NOTA DE CONTENIDO CON FORMATO |
| Nota de contenido con formato |
Estructura de plazos de las tasas de interés en República Dominicana: impacto de los factores macroecómicos tradicionales y del sistema de capitalización individual / Raúl E. Hernández Báez: Revisión de la literatura -- Principales hallazgo en materia de inversión de las reformas a los sistemas de pensiones en América Latina -- La reforma de los fondos de pensiones de contribución definida en Chile, su expansión en América Latina y principales características -- Objetivos a largo plazo de los fondos de pensiones y desarrollo del mercado de capitales -- Los límites cuantitativos de inversión y la diversificación del portafolio -- Decisiones en masa y la comparación entre los propios adiestradores o Peer Comparison -- ¿Cuál es la historia hasta ahora? -- Modelo econométrico -- Análisis econométrico -- Conclusiones y recomendaciones de política -- Traspaso de la política monetaria a las tasas de interés de mercado y sus efectos en el sector real. Evidencia para República Dominicana / Joel A. González Pantaleón: Revisión teórica -- Modelo teórico y metodología econométrica -- Análisis de las series de datos -- Resultados econométricos -- Análisis de impulso-respuestas -- Conclusiones -- Perturbaciones externas y cambios de la política económica: un análisis de la dinámica macroeconómica de República Dominicana para el período 1998-2009 / Francisco Alberta Ramírez de León: Revisión de la literatura -- Modelo macroeconómico -- Ecuación de demanda agregada -- Ecuación de inflación -- Ecuación de tipo de cambio real -- Política monetaria -- Equilibrio -- Evidencia empírica -- Estimación de demanda agregada -- Ecuación de inflación -- Ecuación tipo de cambio real -- Ecuación de política monetaria -- Simulación del modelo y análisis impulso-respuesta -- Efectos de un choque de producto externo -- Efectos de un choque de tasa de interés externa -- El capital social y crecimiento económico un caso de estudio para América Latina y el Caribe / Emilia Carolina Díaz Moreno. |
| 942 ## - ELEMENTOS DE PUNTO DE ACCESO ADICIONAL (KOHA) |
| Fuente del sistema de clasificación o colocación |
Dewey Decimal Classification |
| Tipo de ítem Koha |
Libro |
| Suprimir en OPAC |
No |